[Event "HUN-chT2 Breyer 0910"]
[Site "Hungary"]
[Date "2010.04.11"]
[Round "9"]
[White "Lengyel, Sandor"]
[Black "Vass, Lajos"]
[Result "0-1"]
[WhiteElo "1848"]
[BlackElo "2158"]
[PlyCount "80"]
[EventDate "2009.11.08"]
[EventType "team-tourn"]
[EventRounds "11"]
[EventCountry "HUN"]
[SourceTitle "EXT 2011"]
[Source "ChessBase"]
[SourceDate "2010.11.26"]
[SourceVersion "1"]
[SourceVersionDate "2010.11.26"]
[SourceQuality "1"]
[WhiteTeam "Turul"]
[BlackTeam "BEAC II"]
[WhiteTeamCountry "HUN"]
[BlackTeamCountry "HUN"]

1. e4 e5 2. Nf3 Nf6 3. d4 Nxe4 4. Bd3 d5 5. Nxe5 Nd7 6. Nxd7 Bxd7 7. 0-0 Qh4 8. c4 0-0-0 9. c5 g5 10. Nc3 Nf6 11. g3 Qh3 12. Qf3 Ng4 13. Qg2 Qxg2+ 14. Kxg2 h6 15. h3 Nf6 16. f4 Bg7 17. fxg5 hxg5 18. g4 Nxg4 19. hxg4 Rh4 20. Bf5 Bxf5 21. Rxf5 Rdh8 22. Bxg5 Rh2+ 23. Kf1 Rxb2 24. Be3 Rh1+ 25. Bg1 Bxd4 26. Ne2 Rxe2 27. Kxe2 Bxa1 28. Be3 Rh2+ 29. Kd3 f6 30. Rxd5 Rxa2 31. Ke4 a5 32. Kf5 Re2 33. Rd3 a4 34. Ke6 Bb2 35. Ke7 Rxe3+ 36. Rxe3 a3 37. Rd3 Kb8 38. Rd2 a2 39. c6 a1Q 40. Rd8+ Ka7 0-1

[Event "HUN-chT2 Breyer 0910"]
[Site "Hungary"]
[Date "2009.11.08"]
[Round "1"]
[White "Banszegi, Attila"]
[Black "Lengyel, Sandor"]
[Result "1-0"]
[WhiteElo "2085"]
[BlackElo "1848"]
[PlyCount "117"]
[EventDate "2009.11.08"]
[EventType "team-tourn"]
[EventRounds "11"]
[EventCountry "HUN"]
[SourceTitle "EXT 2011"]
[Source "ChessBase"]
[SourceDate "2010.11.26"]
[SourceVersion "1"]
[SourceVersionDate "2010.11.26"]
[SourceQuality "1"]
[WhiteTeam "Kisber Aszar"]
[BlackTeam "Turul"]
[WhiteTeamCountry "HUN"]
[BlackTeamCountry "HUN"]

1. e4 c5 2. Nf3 d6 3. d4 cxd4 4. Nxd4 Nf6 5. Nc3 g6 6. Be3 Bg7 7. Qd2 Ng4 8. Bg5 h6 9. Bh4 Nc6 10. Nb3 g5 11. Bg3 Be6 12. f3 Nge5 13. Bf2 Nc4 14. Bxc4 Bxc4 15. Nd4 Qa5 16. Rd1 Rc8 17. a4 Qb4 18. b3 Be6 19. Nce2 Bxd4 20. Bxd4 Nxd4 21. Nxd4 Qxd2+ 22. Kxd2 Bd7 23. c4 0-0 24. g4 a6 25. a5 Rc5 26. Ra1 Rfc8 27. Ra2 Re5 28. Kd3 Kg7 29. h4 f6 30. Nc2 Rec5 31. Nb4 Be6 32. Ke3 R5c7 33. Nd3 Bd7 34. Rg2 e5 35. Rd2 Be6 36. Nb4 Rd7 37. Rhd1 Rcd8 38. hxg5 fxg5 39. Rh1 Rc7 40. Nd3 Rc6 41. Rhd1 Rc7 42. Ra1 Rc6 43. Nxe5 Rc5 44. Nd3 Rc7 45. Ra4 Rf8 46. Rb4 Rcf7 47. Ne1 Rd7 48. Rb6 Rfd8 49. Nc2 Kf6 50. Nd4 Ke5 51. Nxe6 Kxe6 52. Rh2 Rh8 53. Kd4 Rhh7 54. Re2 Rhf7 55. Ke3 Ke5 56. Rd2 Rf4 57. b4 Rdf7 58. Rd5+ Ke6 59. Rbxd6+ 1-0

[Event "HUN-chT2 Breyer 0809"]
[Site "Hungary"]
[Date "2009.01.11"]
[Round "5"]
[White "Lengyel, Sandor"]
[Black "Horvath, Laszlo"]
[Result "1/2-1/2"]
[WhiteElo "1849"]
[BlackElo "2231"]
[PlyCount "83"]
[EventDate "2008.10.26"]
[EventType "team-tourn"]
[EventRounds "11"]
[EventCountry "HUN"]
[SourceTitle "EXT 2010"]
[Source "ChessBase"]
[SourceDate "2010.11.25"]
[SourceVersion "1"]
[SourceVersionDate "2010.11.25"]
[SourceQuality "1"]
[WhiteTeam "Turul"]
[BlackTeam "Gyor Komszomol"]
[WhiteTeamCountry "HUN"]
[BlackTeamCountry "HUN"]

1. e4 Nf6 2. e5 Nd5 3. d4 d6 4. c4 Nb6 5. f4 dxe5 6. fxe5 Nc6 7. Be3 Bf5 8. Nc3 e6 9. Nf3 Nb4 10. Rc1 c5 11. d5 exd5 12. a3 d4 13. axb4 dxe3 14. Nd5 cxb4 15. Be2 Bc5 16. 0-0 0-0 17. Nd4 Be4 18. Nb3 Rc8 19. Nxc5 Rxc5 20. Qd4 Rxd5 21. cxd5 Qxd5 22. Qxd5 Nxd5 23. Rc4 Bg6 24. Rd4 Nb6 25. Rxb4 Re8 26. Rd4 h6 27. Bd3 Rxe5 28. Bxg6 fxg6 29. Rd8+ Kh7 30. Rff8 g5 31. Rfe8 Rb5 32. Rxe3 Rxb2 33. Re7 Rb1+ 34. Kf2 Rb2+ 35. Re2 Rb3 36. Rb8 Nd5 37. Rd8 Nf6 38. Rd4 Kg6 39. h3 Kf5 40. g4+ Kg6 41. Re3 Rb2+ 42. Re2 1/2-1/2

[Event "HUN-chT2 Breyer 0708"]
[Site "Hungary"]
[Date "2008.03.16"]
[Round "8"]
[White "Lengyel, Sandor"]
[Black "Huszar, Richard"]
[Result "0-1"]
[WhiteElo "1918"]
[BlackElo "2038"]
[PlyCount "72"]
[EventDate "2007.10.14"]
[EventType "team"]
[EventRounds "11"]
[EventCountry "HUN"]
[SourceTitle "EXT 2009"]
[Source "ChessBase"]
[SourceDate "2008.11.26"]
[SourceVersion "1"]
[SourceVersionDate "2008.11.26"]
[SourceQuality "1"]
[WhiteTeam "Turul"]
[BlackTeam "Kisber Aszar"]
[WhiteTeamCountry "HUN"]
[BlackTeamCountry "HUN"]

1. e4 e6 2. d4 d5 3. Nc3 Bb4 4. e5 Ne7 5. Bd2 b6 6. a3 Bxc3 7. bxc3 a5 8. Qg4 0-0 9. Nf3 Ba6 10. Bxa6 Nxa6 11. 0-0 c5 12. h4 Nf5 13. h5 h6 14. Qh3 Kh7 15. g4 Ne7 16. Kg2 Rc8 17. Rac1 Qd7 18. Nh4 Nc7 19. f4 cxd4 20. cxd4 Nb5 21. f5 exf5 22. gxf5 f6 23. e6 Qb7 24. Ng6 Rfe8 25. Nxe7 Qxe7 26. Qg4 Rf8 27. a4 Nd6 28. Bf4 Ne4 29. Qf3 Rc3 30. Qe2 Rc4 31. Rb1 Nc3 32. Qd3 Nxb1 33. Rxb1 Rfc8 34. Rxb6 Rxc2+ 35. Kf1 Qe8 36. Qb5 Qxh5 0-1

[Event "HUN-chT2 Breyer 0708"]
[Site "Hungary"]
[Date "2007.11.25"]
[Round "3"]
[White "Lengyel, Sandor"]
[Black "Czibulka, Zoltan"]
[Result "1-0"]
[WhiteElo "1918"]
[BlackElo "2095"]
[PlyCount "95"]
[EventDate "2007.10.14"]
[EventType "team"]
[EventRounds "11"]
[EventCountry "HUN"]
[SourceTitle "EXT 2009"]
[Source "ChessBase"]
[SourceDate "2008.11.26"]
[SourceVersion "1"]
[SourceVersionDate "2008.11.26"]
[SourceQuality "1"]
[WhiteTeam "Turul"]
[BlackTeam "Hobagoly"]
[WhiteTeamCountry "HUN"]
[BlackTeamCountry "HUN"]

1. e4 e6 2. d4 d5 3. Nc3 Bb4 4. e5 c5 5. Bd2 Bxc3 6. bxc3 Nc6 7. Nf3 f6 8. Bd3 c4 9. Be2 Bd7 10. 0-0 b5 11. a4 bxa4 12. Qc1 Nge7 13. exf6 gxf6 14. Nh4 0-0 15. Bh6 Rf7 16. Bh5 Ng6 17. Nxg6 hxg6 18. Bxg6 Rg7 19. Bxg7 Kxg7 20. Bh5 Qc7 21. f4 Rh8 22. Qd1 f5 23. Qf3 Kf6 24. Qh3 Ke7 25. Qh4+ Kd6 26. Qg5 Ne7 27. Bf3 Rb8 28. Qf6 Nc6 29. Rxa4 Qb6 30. Ra2 a5 31. Rfa1 Ra8 32. h4 Qb8 33. h5 Qg8 34. Kf2 Rf8 35. Qh4 Rf7 36. Rh1 Rg7 37. Qf6 Qh8 38. Qh4 Qh6 39. Rh3 Be8 40. Ra1 Qh8 41. Rah1 Rb7 42. h6 Bg6 43. Rg3 Ne7 44. h7 a4 45. Qh6 a3 46. Rxg6 Nxg6 47. Qxg6 Rg7 48. Qxg7 1-0

[Event "HUN-chT2 Breyer 0708"]
[Site "Hungary"]
[Date "2007.11.11"]
[Round "2"]
[White "Banhazi, Istvan"]
[Black "Lengyel, Sandor"]
[Result "1-0"]
[WhiteElo "2133"]
[BlackElo "1918"]
[PlyCount "41"]
[EventDate "2007.10.14"]
[EventType "team"]
[EventRounds "11"]
[EventCountry "HUN"]
[SourceTitle "EXT 2009"]
[Source "ChessBase"]
[SourceDate "2008.11.26"]
[SourceVersion "1"]
[SourceVersionDate "2008.11.26"]
[SourceQuality "1"]
[WhiteTeam "MAFC"]
[BlackTeam "Turul"]
[WhiteTeamCountry "HUN"]
[BlackTeamCountry "HUN"]

1. d4 Nf6 2. c4 g6 3. Nc3 d5 4. cxd5 Nxd5 5. Bd2 Bg7 6. e4 Nxc3 7. Bxc3 0-0 8. Be2 c5 9. d5 Bxc3+ 10. bxc3 Qa5 11. Qd2 Rd8 12. h4 Nc6 13. h5 Ne5 14. hxg6 hxg6 15. Rc1 f5 16. Qh6 Kf7 17. Qh7+ Kf6 18. f4 fxe4 19. fxe5+ Kxe5 20. Qxe7+ Kf5 21. g4+ 1-0

[Event "HUN-chT2 Breyer 0708"]
[Site "Hungary"]
[Date "2007.10.14"]
[Round "1"]
[White "Kiss, Kinga"]
[Black "Lengyel, Sandor"]
[Result "1-0"]
[WhiteElo "2060"]
[BlackElo "1918"]
[PlyCount "63"]
[EventDate "2007.10.14"]
[EventType "team"]
[EventRounds "11"]
[EventCountry "HUN"]
[SourceTitle "EXT 2009"]
[Source "ChessBase"]
[SourceDate "2008.11.26"]
[SourceVersion "1"]
[SourceVersionDate "2008.11.26"]
[SourceQuality "1"]
[WhiteTeam "Geniusz Tata"]
[BlackTeam "Turul"]
[WhiteTeamCountry "HUN"]
[BlackTeamCountry "HUN"]

1. e4 c5 2. Nf3 d6 3. d4 cxd4 4. Qxd4 a6 5. Bg5 Nc6 6. Qd2 h6 7. Be3 Nf6 8. Nc3 g6 9. 0-0-0 Qa5 10. Bc4 Bg7 11. Rhe1 Ng4 12. Bd4 Nxd4 13. Nxd4 0-0 14. f4 Nxh2 15. f5 Qc5 16. Bb3 Bxd4 17. Qxd4 Qxd4 18. Rxd4 gxf5 19. exf5 Bxf5 20. Rxe7 b5 21. Rxd6 Kg7 22. Bd5 Rac8 23. Rxa6 b4 24. Ne4 Ng4 25. Bxf7 Rxf7 26. Rxf7+ Kxf7 27. Nd6+ Ke7 28. Nxf5+ Kd7 29. Rd6+ Kc7 30. Rd4 Rf8 31. Rxb4 Rxf5 32. Rxg4 1-0

[Event "HUN-chT2 Breyer 0506"]
[Site "Hungary"]
[Date "2006.04.23"]
[Round "11"]
[White "Vass, Istvan"]
[Black "Lengyel, Sandor"]
[Result "1-0"]
[WhiteElo "2100"]
[BlackElo "1941"]
[PlyCount "131"]
[EventDate "2005.10.16"]
[EventType "team"]
[EventRounds "11"]
[EventCountry "HUN"]
[SourceTitle "EXT 2009"]
[Source "ChessBase"]
[SourceDate "2008.11.26"]
[SourceVersion "1"]
[SourceVersionDate "2008.11.26"]
[SourceQuality "1"]
[WhiteTeam "MAFC"]
[BlackTeam "Turul"]
[WhiteTeamCountry "HUN"]
[BlackTeamCountry "HUN"]

1. e4 c5 2. Nf3 d6 3. d4 cxd4 4. Nxd4 Nf6 5. Nc3 g6 6. f3 Bg7 7. Be3 0-0 8. Qd2 Nc6 9. 0-0-0 Nxd4 10. Bxd4 Be6 11. Kb1 Qc7 12. g4 Rfc8 13. h4 Qa5 14. h5 Rxc3 15. Qxc3 Qxa2+ 16. Kc1 Rc8 17. Qe3 Bxg4 18. hxg6 hxg6 19. fxg4 Nxg4 20. Qa3 Qxa3 21. bxa3 Bxd4 22. Rxd4 Rc3 23. Kb2 Re3 24. Bd3 Nf2 25. Rf1 Rf3 26. Bc4 Rf6 27. Re1 e5 28. Rd2 Kf8 29. Ree2 Nh3 30. Rh2 Ng5 31. Bd5 Kg7 32. Rdf2 b6 33. Rxf6 Kxf6 34. Rf2+ Kg7 35. Kc3 f6 36. Kc4 Nh3 37. Rf1 g5 38. Be6 Nf4 39. Rxf4 gxf4 40. Bg4 Kh6 41. Kd5 Kg5 42. Bf3 Kh4 43. Kxd6 Kg3 44. Be2 f3 45. Bd3 Kf4 46. Kc6 f5 47. exf5 e4 48. f6 exd3 49. f7 d2 50. f8Q+ Ke3 51. Qd6 Ke2 52. Qd3+ Ke1 53. Qe3+ Kd1 54. Qxf3+ Kxc2 55. Qe2 Kc1 56. Qc4+ Kb2 57. Qd3 Kc1 58. Qc3+ Kd1 59. Kb7 Ke2 60. Qc2 Ke1 61. Qe4+ Kf1 62. Qd3+ Ke1 63. Qe3+ Kd1 64. Kxa7 Kc2 65. Qxd2+ Kxd2 66. Kxb6 1-0

[Event "HUN-chT2 Breyer 0506"]
[Site "Hungary"]
[Date "2006.02.12"]
[Round "7"]
[White "Lengyel, Sandor"]
[Black "Szinavel, Zsolt"]
[Result "0-1"]
[WhiteElo "1941"]
[BlackElo "2076"]
[PlyCount "54"]
[EventDate "2005.10.16"]
[EventType "team"]
[EventRounds "11"]
[EventCountry "HUN"]
[SourceTitle "EXT 2009"]
[Source "ChessBase"]
[SourceDate "2008.11.26"]
[SourceVersion "1"]
[SourceVersionDate "2008.11.26"]
[SourceQuality "1"]
[WhiteTeam "Turul"]
[BlackTeam "Kisber Aszar"]
[WhiteTeamCountry "HUN"]
[BlackTeamCountry "HUN"]

1. e4 c5 2. Nf3 d6 3. d4 cxd4 4. Nxd4 Nf6 5. Nc3 a6 6. Be3 e6 7. Be2 Nbd7 8. g4 h6 9. Qd2 Ne5 10. f3 b5 11. 0-0-0 b4 12. Nb1 d5 13. Bf4 Ng6 14. g5 Nxf4 15. gxf6 Qxf6 16. exd5 Nxd5 17. Bc4 Bb7 18. Bxd5 Bxd5 19. Rhe1 Rd8 20. Qd3 Bd6 21. Nf5 Bf4+ 22. Nd2 Bb7 23. Qb3 Qxf5 24. Qa4+ Qb5 25. Qb3 Bd5 26. c4 Bxc4 27. Qc2 Bd3 0-1